[Event "USA-ch Seniors (Women)"]
[Site "Berkeley"]
[Date "2023.11.05"]
[Round "4"]
[White "O'Neill, Julie Anne"]
[Black "Dimitrijevic, Vesna"]
[Result "1/2-1/2"]
[WhiteElo "1659"]
[BlackElo "2060"]
[PlyCount "83"]
[EventDate "2023.11.03"]
[EventType "swiss"]
[EventRounds "5"]
[EventCountry "USA"]
[SourceTitle "CBM 217 Extra"]
[Source "ChessBase"]
[SourceDate "2024.01.31"]
[SourceVersion "1"]
[SourceVersionDate "2024.01.31"]
[SourceQuality "1"]

1. Nf3 d5 2. c4 c6 3. b3 Bf5 4. Bb2 Nf6 5. e3 Nbd7 6. g3 Nc5 7. d4 Nce4 8. Nbd2 Qa5 9. Bg2 e6 10. 0-0 Ba3 11. Bxa3 Qxa3 12. Qc1 Qa5 13. Qb2 g5 14. b4 Qd8 15. c5 h5 16. h4 Ng4 17. Nxe4 Bxe4 18. Nxg5 Bxg2 19. Kxg2 Rg8 20. Qc2 Rg7 21. Rae1 Kd7 22. a4 a6 23. e4 Nf6 24. Qe2 Qh8 25. b5 axb5 26. axb5 dxe4 27. Nxe4 Nxe4 28. Qxe4 Rg4 29. bxc6+ bxc6 30. Qe5 Qxe5 31. dxe5 Rd4 32. Rd1 Rd5 33. f4 Ra5 34. Rxd5+ cxd5 35. f5 Rxc5 36. Rf4 Ke7 37. f6+ Kf8 38. g4 Rc4 39. Kg3 Rxf4 40. Kxf4 hxg4 41. Kxg4 Kg8 42. Kf4 1/2-1/2

[Event "USA-ch Seniors (Women)"]
[Site "Berkeley"]
[Date "2023.11.04"]
[Round "3"]
[White "Dimitrijevic, Vesna"]
[Black "Kuhner, Mary"]
[Result "1-0"]
[WhiteElo "2060"]
[BlackElo "1678"]
[PlyCount "91"]
[EventDate "2023.11.03"]
[EventType "swiss"]
[EventRounds "5"]
[EventCountry "USA"]
[SourceTitle "CBM 217 Extra"]
[Source "ChessBase"]
[SourceDate "2024.01.31"]
[SourceVersion "1"]
[SourceVersionDate "2024.01.31"]
[SourceQuality "1"]

1. e4 e6 2. d4 d5 3. Nc3 Bb4 4. e5 c5 5. f4 Nc6 6. Nf3 Nge7 7. a3 Bxc3+ 8. bxc3 Qa5 9. Qd2 cxd4 10. Nxd4 Nxd4 11. cxd4 Qxd2+ 12. Kxd2 Bd7 13. a4 0-0 14. Ba3 Rfe8 15. c3 h5 16. Be2 g6 17. Rhb1 Bc6 18. a5 Nf5 19. Bd3 a6 20. Bc5 Rac8 21. Ke2 Kg7 22. Kf2 Nh6 23. h3 Rc7 24. Kf3 Rd7 25. Rb6 Ra8 26. g4 hxg4+ 27. hxg4 Ng8 28. Rh1 Ne7 29. f5 exf5 30. gxf5 Ng8 31. f6+ Nxf6 32. exf6+ Kxf6 33. Rb2 Rdd8 34. Re2 Re8 35. Rf2 Kg7 36. Rfh2 Rh8 37. Rxh8 Rxh8 38. Rxh8 Kxh8 39. Kf4 Kg7 40. Ke5 f6+ 41. Ke6 f5 42. Bd6 Kh6 43. Kf6 Be8 44. Be2 Bc6 45. Bf4+ Kh7 46. Bf3 1-0

[Event "USA-ch (Women)"]
[Site "USA"]
[Date "1994.??.??"]
[Round "4"]
[White "Dimitrijevic, Vesna"]
[Black "Sagalchik, Olga"]
[Result "0-1"]
[WhiteElo "2090"]
[BlackElo "2155"]
[PlyCount "84"]
[EventDate "1994.??.??"]
[EventType "tourn"]
[EventRounds "9"]
[EventCountry "USA"]
[SourceTitle "EXT 1998"]
[Source "ChessBase"]
[SourceDate "1997.11.17"]
[SourceVersion "1"]
[SourceVersionDate "1997.11.17"]
[SourceQuality "1"]

1. e4 c5 2. Nc3 Nc6 3. f4 g6 4. Nf3 Bg7 5. Bc4 d6 6. 0-0 e6 7. a4 Nge7 8. Qe1 a6 9. d3 Nd4 10. Nxd4 cxd4 11. Ne2 Nc6 12. Kh1 0-0 13. Ng3 d5 14. Ba2 f5 15. Bd2 Kh8 16. c3 b5 17. axb5 axb5 18. Qd1 dxc3 19. Bxc3 Bxc3 20. bxc3 dxe4 21. d4 Qf6 22. Ne2 Ne7 23. Qb3 Nd5 24. Rfe1 Bd7 25. Qb2 Nb6 26. Qb4 Rfc8 27. Bb3 Qf8 28. Ra5 Qxb4 29. cxb4 Rxa5 30. bxa5 Nc4 31. Ra1 Nd2 32. Bd1 Ra8 33. a6 Ra7 34. Nc1 Bc8 35. Ra2 Nc4 36. Be2 Rxa6 37. Rc2 Ra4 38. Kg1 Bb7 39. Na2 Nd6 40. Kf2 b4 41. Rb2 b3 42. Nc1 Bd5 0-1

[Event "USA-ch (Women)"]
[Site "USA"]
[Date "1994.??.??"]
[Round "2"]
[White "Dimitrijevic, Vesna"]
[Black "Tverskaya, Julia"]
[Result "0-1"]
[WhiteElo "2090"]
[BlackElo "2125"]
[PlyCount "66"]
[EventDate "1994.??.??"]
[EventType "tourn"]
[EventRounds "9"]
[EventCountry "USA"]
[SourceTitle "EXT 1998"]
[Source "ChessBase"]
[SourceDate "1997.11.17"]
[SourceVersion "1"]
[SourceVersionDate "1997.11.17"]
[SourceQuality "1"]

1. e4 e5 2. Nf3 Nc6 3. Bb5 a6 4. Ba4 Nf6 5. 0-0 Be7 6. Re1 b5 7. Bb3 0-0 8. c3 d6 9. h3 Na5 10. Bc2 c5 11. d3 Ne8 12. Nbd2 f5 13. exf5 Bxf5 14. Ne4 Kh8 15. d4 cxd4 16. cxd4 d5 17. Ng3 Bxc2 18. Qxc2 e4 19. Ne5 Rc8 20. Qd1 Nc4 21. Ng4 Nf6 22. Ne3 Bd6 23. Ne2 Bb8 24. a4 b4 25. a5 Qc7 26. Ng3 Qf7 27. Ne2 Rc6 28. Nc2 Nh5 29. Rf1 Rg6 30. f4 exf3 31. Nf4 Nxf4 32. Rxf3 Nxh3+ 33. Kh1 Nf2+ 0-1

[Event "USA-ch (Women)"]
[Site "Long Beach"]
[Date "1993.??.??"]
[Round "?"]
[White "Dimitrijevic, Vesna"]
[Black "Root, Alexey"]
[Result "1-0"]
[WhiteElo "2090"]
[BlackElo "2055"]
[PlyCount "101"]
[EventDate "1993.??.??"]
[EventType "tourn"]
[EventRounds "9"]
[EventCountry "USA"]
[SourceTitle "EXT 1998"]
[Source "ChessBase"]
[SourceDate "1997.11.17"]
[SourceVersion "1"]
[SourceVersionDate "1997.11.17"]
[SourceQuality "1"]

1. e4 g6 2. f4 d5 3. e5 c5 4. Nf3 Nc6 5. c3 Bf5 6. d3 b5 7. Be2 h5 8. 0-0 Nh6 9. Nbd2 e6 10. a4 b4 11. a5 Be7 12. Qa4 Qd7 13. h3 Rb8 14. Rd1 0-0 15. Ne4 Qc7 16. Ng3 a6 17. Nxf5 Nxf5 18. g4 Ng3 19. Qc2 h4 20. Re1 Rb5 21. Be3 Rxa5 22. Bf2 g5 23. Rxa5 Qxa5 24. fxg5 bxc3 25. bxc3 Rb8 26. Bd1 c4 27. Bxg3 hxg3 28. dxc4 dxc4 29. g6 Qc5+ 30. Kh1 Qf2 31. gxf7+ Kxf7 32. Qxf2 gxf2 33. Rf1 Rb2 34. Kg2 Bc5 35. h4 Kg8 36. Ba4 Nd8 37. Ng5 Ra2 38. Bd7 Be7 39. Nf3 Bc5 40. h5 Rc2 41. Ng5 a5 42. Ne4 Bb6 43. Kf3 Kg7 44. g5 Nf7 45. h6+ Kh8 46. Kf4 Bc7 47. Bxe6 Nxe5 48. Kf5 a4 49. g6 Nxg6 50. Kxg6 a3 51. Ng5 1-0

[Event "USA-ch (Women)"]
[Site "Long Beach"]
[Date "1993.??.??"]
[Round "?"]
[White "Dimitrijevic, Vesna"]
[Black "Tverskaya, Julia"]
[Result "1-0"]
[WhiteElo "2090"]
[BlackElo "2090"]
[PlyCount "89"]
[EventDate "1993.??.??"]
[EventType "tourn"]
[EventRounds "9"]
[EventCountry "USA"]
[SourceTitle "EXT 1998"]
[Source "ChessBase"]
[SourceDate "1997.11.17"]
[SourceVersion "1"]
[SourceVersionDate "1997.11.17"]
[SourceQuality "1"]

1. e4 e5 2. Nf3 Nc6 3. Bb5 a6 4. Ba4 Nf6 5. 0-0 Be7 6. Re1 b5 7. Bb3 d6 8. h3 0-0 9. c3 Na5 10. Bc2 c5 11. d3 c4 12. d4 Qc7 13. Nbd2 Re8 14. Nf1 g6 15. Ng3 Bf8 16. Bg5 Bg7 17. Qd2 Nc6 18. Nh4 Nd7 19. d5 Ne7 20. Bh6 Bf6 21. Nf3 Nc5 22. Qe2 Kh8 23. Be3 Bg7 24. Ng5 Kg8 25. f4 exf4 26. Bxf4 Nxd5 27. Bd2 Nf6 28. Qf2 Bb7 29. Bf4 Ne6 30. Be3 Nxg5 31. Bxg5 Re6 32. Re2 Rae8 33. Rae1 Nd7 34. Be3 Rf6 35. Nf5 gxf5 36. exf5 h6 37. Qg3 Kh8 38. Bxh6 Qc5+ 39. Kh1 Bxg2+ 40. Qxg2 Rg8 41. Bxg7+ Rxg7 42. Re8+ Kh7 43. Qf3 Rg5 44. Qf4 Rgxf5 45. Qg5 1-0

[Event "USA-ch (Women)"]
[Site "Waltham"]
[Date "1992.??.??"]
[Round "4"]
[White "Dimitrijevic, Vesna"]
[Black "Levitina, Irina S"]
[Result "0-1"]
[WhiteElo "2090"]
[BlackElo "2400"]
[PlyCount "81"]
[EventDate "1992.??.??"]
[EventType "tourn"]
[EventRounds "9"]
[EventCountry "USA"]
[SourceTitle "EXT 2002"]
[Source "ChessBase"]
[SourceDate "2001.11.25"]
[SourceVersion "1"]
[SourceVersionDate "2001.11.25"]
[SourceQuality "1"]

1. e4 g6 2. Nc3 Bg7 3. f4 c6 4. d4 d5 5. e5 h5 6. Bd3 Nh6 7. Nce2 Bf5 8. Nf3 e6 9. c3 Bf8 10. Qc2 Be7 11. Ng5 Nd7 12. Ng3 c5 13. Bxf5 Nxf5 14. Nxf5 gxf5 15. Nf3 c4 16. Ng5 b5 17. Qf2 b4 18. Qh4 Nf8 19. Bd2 bxc3 20. bxc3 Rb8 21. Ke2 Ng6 22. Qe1 Nxf4+ 23. Bxf4 Bxg5 24. g3 Bxf4 25. gxf4 Rg8 26. Rg1 Rxg1 27. Qxg1 Rb2+ 28. Kf3 Qh4 29. Qg8+ Ke7 30. Qg5+ Qxg5 31. fxg5 Rc2 32. Kg3 Rxc3+ 33. Kh4 Rd3 34. Rb1 Rxd4+ 35. Kxh5 c3 36. Rb7+ Kf8 37. g6 fxg6+ 38. Kxg6 c2 39. Kf6 Ke8 40. Kxe6 Kd8 41. Kd6 0-1

[Event "USA-ch (Women)"]
[Site "Waltham"]
[Date "1992.??.??"]
[Round "1"]
[White "Dimitrijevic, Vesna"]
[Black "Tverskaya, Julia"]
[Result "0-1"]
[WhiteElo "2090"]
[BlackElo "2050"]
[PlyCount "80"]
[EventDate "1992.??.??"]
[EventType "tourn"]
[EventRounds "9"]
[EventCountry "USA"]
[SourceTitle "EXT 2002"]
[Source "ChessBase"]
[SourceDate "2001.11.25"]
[SourceVersion "1"]
[SourceVersionDate "2001.11.25"]
[SourceQuality "1"]

1. e4 c5 2. Nc3 Nc6 3. f4 e6 4. Nf3 d5 5. Bb5 Nf6 6. Bxc6+ bxc6 7. e5 Nd7 8. 0-0 Be7 9. b3 0-0 10. Kh1 Qc7 11. Qe2 f5 12. exf6 Rxf6 13. Ng5 Nf8 14. g3 e5 15. d3 Ng6 16. Qh5 Nf8 17. Qe2 Bd7 18. Bb2 Re8 19. Qd2 h6 20. Nf3 exf4 21. Ne2 d4 22. Nxf4 Bd6 23. Ng2 Bg4 24. Ng1 Nh7 25. Rxf6 Nxf6 26. b4 Qb6 27. Re1 Rxe1 28. Qxe1 cxb4 29. h3 Bd7 30. Nf3 c5 31. Ne5 Bxh3 32. Nf4 Qb7+ 33. Kg1 Bf5 34. Nfg6 Kh7 35. Nh4 Bh3 36. Nc4 Bb8 37. Qf2 Qd5 38. Bc1 Qh5 39. Qe1 Qg4 40. Kh2 Qxh4 0-1

[Event "USA-ch (Women)"]
[Site "Highland Beach"]
[Date "1991.??.??"]
[Round "?"]
[White "Dimitrijevic, Vesna"]
[Black "Neely, Elizabeth"]
[Result "1-0"]
[WhiteElo "2085"]
[BlackElo "2110"]
[PlyCount "112"]
[EventDate "1991.??.??"]
[EventType "tourn"]
[EventRounds "9"]
[EventCountry "USA"]
[SourceTitle "EXT 1997"]
[Source "ChessBase"]
[SourceDate "1996.11.15"]
[SourceVersion "1"]
[SourceVersionDate "1996.11.15"]
[SourceQuality "1"]

1. e4 Nc6 2. f4 d5 3. e5 d4 4. Bc4 Na5 5. Bb3 g6 6. Nf3 Bg7 7. d3 Nxb3 8. axb3 b6 9. 0-0 Nh6 10. Qe1 Bb7 11. Nbd2 Nf5 12. Ne4 h5 13. Neg5 e6 14. Ra4 b5 15. Ra5 a6 16. Ne4 Qe7 17. b4 0-0 18. Nc5 Rfb8 19. Bd2 Qd8 20. Nxb7 Rxb7 21. Qe4 Rba7 22. Rfa1 Qd7 23. Ng5 Bh6 24. Nf3 Bf8 25. Qe2 Be7 26. Rc1 Rd8 27. Qf2 Raa8 28. Qe1 Qd5 29. Qe4 Qxe4 30. dxe4 Ne3 31. Bxe3 dxe3 32. c3 c5 33. bxc5 Bxc5 34. Kf1 Bb6 35. Raa1 a5 36. Rd1 a4 37. Rxd8+ Rxd8 38. Ke2 Kf8 39. Rd1 Rxd1 40. Kxd1 Ke7 41. Ke2 Bc5 42. Ne1 b4 43. cxb4 Bxb4 44. Nd3 a3 45. bxa3 Bxa3 46. Kxe3 Kd7 47. Kf3 Kc6 48. g4 hxg4+ 49. Kxg4 Be7 50. Ne1 Kc5 51. Nf3 f5+ 52. exf6 Bxf6 53. Ng5 Bxg5 54. Kxg5 Kd4 55. e5 Ke4 56. Kxg6 Kxf4 1-0

[Event "USA-ch (Women)"]
[Site "Highland Beach"]
[Date "1991.??.??"]
[Round "?"]
[White "Levitina, Irina S"]
[Black "Dimitrijevic, Vesna"]
[Result "1-0"]
[WhiteElo "2370"]
[BlackElo "2085"]
[PlyCount "31"]
[EventDate "1991.??.??"]
[EventType "tourn"]
[EventRounds "9"]
[EventCountry "USA"]
[SourceTitle "EXT 1997"]
[Source "ChessBase"]
[SourceDate "1996.11.15"]
[SourceVersion "1"]
[SourceVersionDate "1996.11.15"]
[SourceQuality "1"]

1. d4 Nf6 2. Nf3 d5 3. c4 c6 4. Qc2 e6 5. Bg5 Nbd7 6. e3 Be7 7. Nc3 dxc4 8. Bxc4 b5 9. Bb3 Bb7 10. 0-0 a6 11. Rad1 Rc8 12. e4 h6 13. Bh4 Qb6 14. e5 Nd5 15. Bxe7 Nxc3 16. Bc5 1-0

[Event "NWC October op"]
[Site "Seattle"]
[Date "1990.??.??"]
[Round "?"]
[White "Dimitrijevic, Vesna"]
[Black "Root, Alexey"]
[Result "0-1"]
[WhiteElo "2045"]
[BlackElo "2080"]
[PlyCount "120"]
[EventDate "1990.10.??"]
[EventType "swiss"]
[EventRounds "7"]
[EventCountry "USA"]
[SourceTitle "EXT 2000"]
[Source "ChessBase"]
[SourceDate "1999.11.16"]
[SourceVersion "1"]
[SourceVersionDate "1999.11.16"]
[SourceQuality "1"]

1. e4 e6 2. d4 d5 3. Nc3 dxe4 4. Nxe4 Bd7 5. Be3 Bc6 6. Ng3 Nd7 7. Nf3 Ngf6 8. Bd3 Bd6 9. c3 e5 10. Bc2 0-0 11. 0-0 a5 12. b3 g6 13. Bg5 Re8 14. Re1 Kg7 15. Qd2 Bxf3 16. gxf3 exd4 17. Rxe8 Qxe8 18. Re1 Qd8 19. Qxd4 h6 20. Bd2 Ne5 21. Kg2 Nc6 22. Qh4 Ng8 23. Qxd8 Rxd8 24. Ne4 Be5 25. Rd1 Nf6 26. Nc5 b6 27. Nd3 Bd6 28. c4 Nd4 29. Bb1 Re8 30. c5 bxc5 31. Bxa5 Nd5 32. Re1 Ra8 33. Bd2 Nb4 34. Nxb4 cxb4 35. Re4 Nc6 36. f4 f5 37. Rc4 Na5 38. Rc2 c5 39. Be3 Nb7 40. Rd2 Kf6 41. Rxd6+ Nxd6 42. Bxc5 Nb5 43. Bxb4 Na3 44. Bd3 Ke6 45. Kf3 Kd5 46. Ke3 Kc6 47. h4 h5 48. Kd2 Kb6 49. Kc1 Ra7 50. Kb2 Rd7 51. Be2 Nb5 52. a4 Rd4 53. Bc4 Nc7 54. a5+ Kb7 55. Bc5 Rxf4 56. Bf7 Rg4 57. Ka3 Na6 58. Bd5+ Kb8 59. Bd6+ Ka7 60. b4 Rd4 0-1